书目信息 |
| 题名: |
虚拟现实EON Studio应用教程
|
|
| 作者: | 王岚 , 刘怡 , 梁忠先 编著 | |
| 分册: | ||
| 出版信息: | 天津 南开大学出版社 2007.05 |
|
| 页数: | 231页 | |
| 开本: | 26cm | |
| 丛书名: | 高等院校多媒体教育技术系列教材 | |
| 单 册: | ||
| 中图分类: | TP311.56 | |
| 科图分类: | ||
| 主题词: | 多媒体--duo mei ti--软件工具--高等学校--教材 | |
| 电子资源: | ||
| ISBN: | 978-7-310-02708-8 | |
| 000 | 01159nam 2200289 450 | |
| 001 | 012008860344 | |
| 005 | 20080604185233.70 | |
| 010 | @a978-7-310-02708-8@dCNY36.00 (含光盘) | |
| 010 | @a978-7-900667-74-8@b光盘 | |
| 100 | @a20080604d2007 em y0chiy0120 ea | |
| 101 | 0 | @achi |
| 102 | @aCN@b120000 | |
| 105 | @aak z 000yy | |
| 106 | @ar | |
| 200 | 1 | @a虚拟现实EON Studio应用教程@Axu ni xian shi EON Studio ying yong jiao cheng@f王岚, 刘怡, 梁忠先编著@Fwang lan,liu yi,liang zhong xian bian zhu |
| 210 | @a天津@c南开大学出版社@d2007.05 | |
| 215 | @a231页@c图@d26cm@e光盘1片 | |
| 225 | 2 | @a高等院校多媒体教育技术系列教材@Agao deng yuan xiao duo mei ti jiao yu ji shu xi lie jiao cai |
| 330 | @a本书共分11章,详细介绍了EON Studio的操作方法,列举了几类典型的节点,并在实例中教读者制作互动场手机展示,虚拟现实建筑场景等。 | |
| 410 | 0 | @12001 @a高等院校多媒体教育技术系列教材 |
| 606 | 0 | @a多媒体@Aduo mei ti@x软件工具@x高等学校@j教材 |
| 690 | @aTP311.56@v4 | |
| 701 | 0 | @a王岚@Awang lan@4编著 |
| 701 | 0 | @a刘怡@Aliu yi@4编著 |
| 701 | 0 | @a梁忠先@Aliang zhong xian@4编著 |
| 801 | 0 | @aCN@bQSSK@c20080604 |
| 905 | @b724507-08@dTP311.56@eW265@f2 | |
| 虚拟现实EON Studio应用教程/王岚, 刘怡, 梁忠先编著.-天津:南开大学出版社,2007.05 |
| 231页:图;26cm+光盘1片.-(高等院校多媒体教育技术系列教材) |
| ISBN 978-7-310-02708-8:CNY36.00 (含光盘) |
| 本书共分11章,详细介绍了EON Studio的操作方法,列举了几类典型的节点,并在实例中教读者制作互动场手机展示,虚拟现实建筑场景等。 |
| ● |
| 相关链接 |
|
|
|
正题名:虚拟现实EON Studio应用教程
索取号:TP311.56/W265
 
预约/预借
| 序号 | 登录号 | 条形码 | 馆藏地/架位号 | 状态 | 备注 |
| 1 | 724507 | 207245079 | 期刊室512/301自科库 43排6列2层/ [索取号:TP311.56/W265] | 在馆 | |
| 2 | 724508 | 207245088 | 期刊室512/301自科库 43排6列2层/ [索取号:TP311.56/W265] | 在馆 |